Medical negligence clims in Sri Lanka / (Record no. 101573)

MARC details
000 -LEADER
fixed length control field 00589nam a22001937a 4500
005 - DATE AND TIME OF LATEST TRANSACTION
control field 20160801113200.0
010 ## - LCCN (DPL NO)
LC control number ENG-115571
020 ## - INTERNATIONAL STANDARD BOOK NUMBER
International Standard Book Number 9788124119081
Terms of availability 795.00
020 ## - INTERNATIONAL STANDARD BOOK NUMBER
International Standard Book Number 812411918X,
Terms of availability 795.00
035 ## - SYSTEM CONTROL NUMBER
System control number EN-99103
037 ## - SOURCE OF ACQUISITION
Source of stock number/acquisition DBAD/PUB
082 ## - DEWEY DECIMAL CLASSIFICATION NUMBER
Classification number 344.54930411
100 ## - MAIN ENTRY--PERSONAL NAME
Personal name Perera,Avanti
245 ## - TITLE STATEMENT
Title Medical negligence clims in Sri Lanka /
Statement of responsibility, etc by Perera,Avantia
260 ## - PUBLICATION, DISTRIBUTION, ETC. (IMPRINT)
Place of publication, distribution, etc New Delhi
Name of publisher, distributor, etc Har-Anand Publication
Date of publication, distribution, etc 2016
270 ## - ADDRESS
Address E-49/3,Okhla Industrial Area, Phase-II
City New Delhi
Postal code 110020
300 ## - PHYSICAL DESCRIPTION
Extent 318p.
Dimensions 22cm(pbk)
942 ## - ADDED ENTRY ELEMENTS (KOHA)
Source of classification or shelving scheme Dewey Decimal Classification
Item type English Books
Classification part 657
Call number suffix PER
Holdings
Withdrawn status Lost status Not for loan Collection code Home library Current library Date acquired Source of acquisition Cost, normal purchase price Full call number Barcode Copy number Cost, replacement price Koha item type
    Not For Loan Non-fiction D.B.Act.Division Bawana 28/07/2016 DBAD/PUB 795.00 344.54930411 PER EN-99103 1 795.00 English Books

© Delhi Public Library
Hit Counter
free hit counter